WWE Light Heavyweight Champions - Statistics

General Stats
  • This quiz has been taken 1,577 times
    950 since last reset
  • The average score is 7 of 11
Answer Stats
Title Reigns Last Won Champion % Correct
1 2001 Jeff Hardy
81%
1 1998 Christian
75%
2 2001 X-Pac
75%
2 2000 Dean Malenko
70%
1 1997 Taka Michinoku
69%
1 1998 Gillberg
62%
1 2000 Essa Rios
58%
1 2001 Tajiri
58%
1 2001 Crash Holly
55%
1 2000 Scotty 2 Hotty
50%
1 2001 Jerry Lynn
44%
No matching quizzes found
Score Distribution
Percent of People with Each Score
Percentile by Number Answered
Your Score History
You have not taken this quiz since the last reset